00570nas a2200157 a 4500008004100000050001500041110006400056245005600120260008000176300001800256350000900274490005800283500001200341650001100353650004800364100803c20109999||||||||||||||||| ||    u  aUNCTAD(08)  aUnited Nations Conference on Trade and Development (UNCTAD)10aRenewable energy technologies for rural development  aNew YorkbUnited Nations Conference on Trade and Development (UNCTAD)c2010  av, 35p. ;ill.  a0.00  aCurrent Studies on Science, Technology and Innovation  aIssue 1  aENERGY  aRENEWABLE ENERGY SOURCES--RURAL DEVELOPMENT